000
00269nam a22001217a 4500
003
SGT
082
_a
340
_b
SHA
100
_a
SHARMA RAGHUNANDAN
245
_a
ANTI DEFECTION LAWS CONSTITUTIONAL RESTRICTION OR LICENCE
260
_c
2021
300
_a
39
942
_2
ddc
_c
TH
999
_c
34063
_d
34063